Gaming Quiz

Random Gaming or Pokémon Quiz

Pokemon Abilities (Gen III) Quiz Stats

 Plays Quiz not verified by Sporcle

Challenge
Share
Tweet
Embed
Score 0/76 Timer 10:00
0 Plays Today
No. Ability % Correct
26Levitate
98.7%
9Static
96.1%
70Drought
96.1%
2Drizzle
94.7%
33Swift Swim
94.7%
46Pressure
94.7%
67Torrent
94.7%
11Water Absorb
92.1%
22Intimidate
92.1%
29Clear Body
92.1%
51Keen Eye
92.1%
65Overgrow
92.1%
66Blaze
92.1%
76Air Lock
92.1%
5Sturdy
89.5%
34Chlorophyll
89.5%
38Poison Point
89.5%
10Volt Absorb
88.2%
12Oblivious
86.8%
20Own Tempo
86.8%
50Run Away
86.8%
53Pickup
86.8%
62Guts
86.8%
69Rock Head
86.8%
45Sand Stream
85.5%
7Limber
84.2%
8Sand Veil
84.2%
36Trace
84.2%
37Huge Power
84.2%
40Magma Armor
84.2%
43Soundproof
84.2%
44Rain Dish
84.2%
49Flame Body
84.2%
54Truant
84.2%
56Cute Charm
84.2%
61Shed Skin
84.2%
15Insomnia
82.9%
30Natural Cure
82.9%
No. Ability % Correct
31Lightning Rod
82.9%
68Swarm
82.9%
25Wonder Guard
81.6%
42Magnet Pull
81.6%
52Hyper Cutter
81.6%
57Plus
81.6%
58Minus
81.6%
71Arena Trap
81.6%
18Flash Fire
80.3%
19Shield Dust
80.3%
39Inner Focus
80.3%
63Marvel Scale
80.3%
23Shadow Tag
78.9%
27Effect Spore
78.9%
28Synchronize
78.9%
64Liquid Ooze
78.9%
72Vital Spirit
78.9%
74Pure Power
78.9%
3Speed Boost
77.6%
14Compound Eyes
77.6%
17Immunity
77.6%
32Serene Grace
77.6%
47Thick Fat
76.3%
48Early Bird
76.3%
4Battle Armor
75%
13Cloud Nine
75%
75Shell Armor
75%
1Stench
73.7%
6Damp
71.1%
35Illuminate
71.1%
41Water Veil
71.1%
16Color Change
69.7%
24Rough Skin
69.7%
60Sticky Hold
69.7%
73White Smoke
69.7%
21Suction Cups
67.1%
55Hustle
67.1%
59Forecast
64.5%

You're not logged in!

Compare scores with friends on all Sporcle quizzes.
Join for Free
OR
Log In

You Might Also Like...

Show Comments

Extras

Created Dec 19, 2016ReportNominate
Tags:Pokémon Quiz, ability, Gen 3, hoenn

Top Quizzes Today


Score Distribution

Your Account Isn't Verified!

In order to create a playlist on Sporcle, you need to verify the email address you used during registration. Go to your Sporcle Settings to finish the process.

Report this User

Report this user for behavior that violates our Community Guidelines.

Details: